000 00651nam a22001817a 4500
999 _c189270
_d189270
005 20220622160337.0
010 _aENG-133317
020 _a9789353066642
_c110.00
035 _aEN-116849
037 _bDBAD/PUB
082 _a530
100 _aKhanna, Rupam
245 _aExpanded Universal Science:
_cPhysics/
_bRupam khanna
260 _bPerson India Education Services Pvt. Ltd.
_c2019
_aNoida U.P
270 _a15th Floor Towar-B, World Trade Tower, Plot no.1, Bloc-C, Sector 16,
_bNoida U.P
_e201301
_k080-30461060
_l080-30461003
_mcompanysecretary.india@person.com
300 _a62,p
_c25cm(pbk)
942 _2ddc
_cEN
_h530
_mKHA